| 000 | 00627nam a2200205 u 4500 | ||
|---|---|---|---|
| 005 | 20210223131348.0 | ||
| 008 | 100812s2002 es r 000 0 spa d | ||
| 020 | _a8480764147 | ||
| 035 | _aUPN01000177338 | ||
| 049 | _aC | ||
| 050 | 4 |
_aCC70 _bA7.6 |
|
| 245 | 0 | 0 |
_aArqueología : _bguía del pasado humano / _ced. Paul G. Bahn ; tr. Remedios Diéguez Diéguez. |
| 260 |
_aBarcelona, Esp. : _bBlume, _c2002. |
||
| 300 |
_a432 p. : _bil. col. |
||
| 440 | 0 | _aDescubrir y conocer | |
| 534 |
_pTraducción de: _tArchaeology |
||
| 650 | 4 |
_aARQUEOLOGIA - _vENCICLOPEDIAS _916987 |
|
| 700 | 1 |
_aBahn, Paul G., _eed. |
|
| 905 | _aLibro | ||
| 999 |
_c149441 _d149441 |
||